UK places granted City Status by Elizabeth II - Statistics

General Stats
  • This quiz has been taken 40 times
    15 since last reset
  • The average score is 14 of 26
Answer Stats
Year Granted Answer % Correct
1969 Swansea
80%
2022* Wrexham
80%
2022* Milton Keynes
70%
2002 Newport
70%
2002 Preston
70%
2000 Wolverhampton
70%
1994 Armagh
60%
2022* Dunfermline
60%
2000 Inverness
60%
1964 Southampton
60%
2012 St Asaph
60%
1992 Sunderland
60%
2022* Bangor
50%
2012 Chelmsford
50%
2022* Doncaster
50%
2002 Lisburn
50%
2002 Newry
50%
2012 Perth
50%
1994 St Davids
50%
2000 Brighton & Hove
40%
2022* Douglas
40%
2022* Stanley
40%
2002 Stirling
40%
2022* Colchester
30%
1977 Derby
30%
2022 Southend-on-Sea
30%
No matching quizzes found
Score Distribution
Percent of People with Each Score
Percentile by Number Answered
Your Score History
You have not taken this quiz since the last reset